<?xml version="1.0" encoding="UTF-8"?>
<record
    xmlns:xsi="http://www.w3.org/2001/XMLSchema-instance"
    xsi:schemaLocation="http://www.loc.gov/MARC21/slim http://www.loc.gov/standards/marcxml/schema/MARC21slim.xsd"
    xmlns="http://www.loc.gov/MARC21/slim">

  <leader>01330nam a22002057a 4500</leader>
  <controlfield tag="008">251120b        |||||||| |||| 00| 0 eng d</controlfield>
  <datafield tag="020" ind1=" " ind2=" ">
    <subfield code="a">9781250330260</subfield>
  </datafield>
  <datafield tag="040" ind1=" " ind2=" ">
    <subfield code="c">tbs</subfield>
  </datafield>
  <datafield tag="041" ind1=" " ind2=" ">
    <subfield code="a">eng</subfield>
  </datafield>
  <datafield tag="050" ind1=" " ind2=" ">
    <subfield code="a">PS3616.I579 </subfield>
    <subfield code="b">H38 2024</subfield>
  </datafield>
  <datafield tag="100" ind1=" " ind2=" ">
    <subfield code="a">Pinsker, Sarah</subfield>
    <subfield code="9">26556</subfield>
    <subfield code="e">author</subfield>
  </datafield>
  <datafield tag="245" ind1=" " ind2=" ">
    <subfield code="a">Haunt sweet home </subfield>
    <subfield code="c">/ Sarah Pinsker.</subfield>
  </datafield>
  <datafield tag="260" ind1=" " ind2=" ">
    <subfield code="a">New York, NY : </subfield>
    <subfield code="b">Tordotcom, Tor Publishing Group, </subfield>
    <subfield code="c">2024.</subfield>
  </datafield>
  <datafield tag="300" ind1=" " ind2=" ">
    <subfield code="a">163 pages ; </subfield>
    <subfield code="c">21 cm.</subfield>
  </datafield>
  <datafield tag="520" ind1=" " ind2=" ">
    <subfield code="a">
&#x201C;Don&#x2019;t talk to day about what we do at night.&#x201D;

When aimless twenty-something Mara lands a job as the night-shift production assistant on her cousin&#x2019;s ghost hunting/home makeover reality TV show Haunt Sweet Home, she quickly determines her new role will require a healthy attitude toward duplicity. But as she hides fog machines in the woods and improvises scares to spook new homeowners, a series of unnerving incidents on set and a creepy new coworker force Mara to confront whether the person she's truly been deceiving and hiding from all along&#x2014;is herself.

Eerie and empathetic, Haunt Sweet Home is a multifaceted, supernatural exploration of finding your own way into adulthood, and into yourself.</subfield>
  </datafield>
  <datafield tag="650" ind1=" " ind2="0">
    <subfield code="a">Haunted houses </subfield>
    <subfield code="v">Fiction</subfield>
    <subfield code="9">25447</subfield>
  </datafield>
  <datafield tag="650" ind1=" " ind2="0">
    <subfield code="a">Reality television programs</subfield>
    <subfield code="v">Fiction</subfield>
    <subfield code="9">26557</subfield>
  </datafield>
  <datafield tag="655" ind1=" " ind2="0">
    <subfield code="a">Paranormal fiction</subfield>
    <subfield code="9">22925</subfield>
  </datafield>
  <datafield tag="942" ind1=" " ind2=" ">
    <subfield code="2">lcc</subfield>
  </datafield>
  <datafield tag="952" ind1=" " ind2=" ">
    <subfield code="0">0</subfield>
    <subfield code="1">0</subfield>
    <subfield code="2">lcc</subfield>
    <subfield code="4">0</subfield>
    <subfield code="7">0</subfield>
    <subfield code="a">TBS</subfield>
    <subfield code="b">TBS</subfield>
    <subfield code="d">2025-11-20</subfield>
    <subfield code="l">0</subfield>
    <subfield code="o">P-EN PIN</subfield>
    <subfield code="p">B05620</subfield>
    <subfield code="r">2025-11-20</subfield>
    <subfield code="t">1</subfield>
    <subfield code="w">2025-11-20</subfield>
    <subfield code="y">1</subfield>
  </datafield>
  <datafield tag="999" ind1=" " ind2=" ">
    <subfield code="c">5193</subfield>
    <subfield code="d">5193</subfield>
  </datafield>
</record>
